Statistics for Pyramid Puzzle #8

Click here to take the quiz!

General Stats

  • This quiz has been taken 450 times
  • The average score is 7 of 13

Answer Stats

HintAnswer% Correct
Opposite SW on a compassNE
100%
Half a scoreTEN
98%
Blackbird's homeNEST
97%
Fork prongsTINES
84%
Game of love and deucesTENNIS
76%
Dot-com boom decadeNINETIES
68%
Deeply felt, ferventINTENSE
44%
Crossing points of streetsINTERSECTIONS
40%
Person who studies nervesNEUROSCIENTIST
27%
Least genuineINSINCEREST
23%
BrainiacsEINSTEINS
22%
Adamance, determinationINSISTENCE
19%
Mediation, arbitrationINTERCESSION
8%

Score Distribution

Percentile by Number Answered

Percent of People with Each Score

Your Score History

You have not taken this quiz